| 000 | 00671nmc a2200265 a 4500 | ||
|---|---|---|---|
| 003 | AR-BaBNM | ||
| 005 | 20251128202843.0 | ||
| 008 | 018019s1967 ||||||||||||||000 | spa|| | ||
| 040 | _cAR-BaBNM | ||
| 100 | 1 | _aGarcía Márquez, Gabriel | |
| 245 | 1 | 0 | _aCien años de soledad |
| 250 | _a3ª ed. | ||
| 260 |
_aBuenos Aires _bSudamericana _c1967 |
||
| 300 | _a351 p. | ||
| 490 | 0 | _aGrandes novelas | |
| 650 | 4 | _aLITERATURA LATINOAMERICANA | |
| 650 | 4 | _aLITERATURA CONTEMPORANEA | |
| 650 | 4 | _aNOVELAS | |
| 653 | _aLITERATURA COLOMBIANA | ||
| 653 | _aREALISMO MAGICO | ||
| 653 | _aBOOM LATINOAMERICANO | ||
| 655 | _aLITERATURA | ||
| 942 | _cBK | ||
| 998 | _cMARTIN | ||
| 999 |
_c896 _d896 |
||